000 00507nam a2200181Ia 4500
008 180921t1971 xxu||||| |||| 00| 0 sin d
041 _asin
080 _a651.293
_bCAN
100 _aCantar, Ostin
245 _aසම්මත සිංහල අකුරු පුවරුව
246 _aSammatha sinhala akuru puvaruva
260 _bM.D. Gunasena
_aColombo
_c1971
300 _a117p., 26 cm
650 _aTypewriting
942 _cBK
999 _c15266
_d15266
003 LK-CoDNM
040 _aLK-CoDNM
_dLK-CoDNM
_eLK-CoDNM